Dax - Choix Multiples - Statistiques

Statistiques générales
  • Ce quiz a été pris 44 fois
  • Le résultat moyen est 6 sur 10
Statistiques - réponses
Question Réponse % Correct
Dax est la première station ... de France. Thermale
100%
Dans la tradition gasconne des festivités estivales, Dax organise des ferias mélangeant deux arts espagnols que sont... La corrida et la salsa
90%
La ville possède un musée unique en France, il expose de ces véhicules sur un hall de 2 000 mètres carrés. De quels véhicules s'agit-il ? Des hélicoptères
82%
La légende attribue la découverte du potentiel des eaux de la ville à... Un chien
72%
Lequel de ces monuments n'est PAS situé à Dax ?
59%
Comment appelle-t-on les prairies marécageuses entourant le fleuve traversant la ville, l'Adour ? Les barthes
54%
À quelle région gasconne historique est rattachée la ville de Dax ? La Chalosse
51%
Dax vit naître en 1733 Jean-Charles de Borda, un célèbre... Mathématicien
49%
Plusieurs monuments de la ville, à l'instar de l'Hôtel Splendid ou de l'Atrium Casino, sont construits dans les années 1920 dans un style bien particulier, visant une clientèle riche. Comment s'appelle cette architecture ? L'Art Déco
44%
Quel était le nom du peuple aquitain qui habitait originellement la ville ? Les Tarbelles
38%
Aucun quiz correspondant
Distribution des résultats
% des personnes avec chaque résultat
Percentile par nombre de réponses
Votre historique - résultats
Vous n’avez pas pris ce quiz